Statistiques concernant one piece trouve les fruit du demon

Cliquez ici pour prendre le quiz!

Statistiques générales

  • Ce quiz a été pris 1 312 fois
  • Le résultat moyen est 11 sur 37

Statistiques - réponses

personnagefruit du demontype% Correct
Monkey D.LuffyGum Gumparamecia
89%
Marshall D.TeaschTénébrelogia
52%
Nico RobinEclosionparamecia
50%
CrocodileSablelogia
46%
KizaruLumièrelogia
44%
MarcoPhenixzoan
44%
Edward NewgateTremblementparamecia
44%
KakuBovin modele Girafezoan
43%
AkainuMagmalogia
42%
Gecko MoriaOmbreparamecia
41%
BellamyRessortparamecia
39%
BartolomeoBarrièreparamecia
38%
JaburaCanidé modele Loupzoan
38%
Rob LucciFelin modele Léopardzoan
38%
Don Quichotte DoflamingoFilsparamecia
35%
Portgace D.AcePyrologia
34%
BaggyFragmentationparamecia
33%
BrookRésurectionparamecia
32%
WapolGloutonparamecia
31%
MISS.Merry ChristmasTaupezoan
29%
MR.2Travestiparamecia
29%
Trafalgar D.Water LAWBistouriparamecia
25%
KumaCoussinetsparamecia
24%
MISS.ValentineKilo-Kiloparamecia
24%
SmokerFumigenelogia
22%
Tony-Tony Chopperl'Humainzoan
21%
Doltonbovin version Bisonzoan
20%
MR.3Cyrologia
12%
JozDiamandparamecia
12%
Baby 5Armoparamecia
11%
AokijiGivrologia
11%
MR.5Boom-Boomparamecia
7%
MR.1Tranchantparamecia
7%
AlvidaGliss-Glissparamecia
6%
HinaConstricteurparamecia
4%
Sengokul'Humain modele grand bouddhazoan
2%
MISS.Doublefingerl'Ourssinparamecia
1%

Distribution des résultats

Percentile par nombre de réponses

% des personnes avec chaque résultat

Votre développement - résultats

Vous n’avez pas pris ce quiz